[Event "4NCL Division 2c"]
[Site "Telford, ENG"]
[Date "2019.05.04"]
[Round "9.44"]
[White "Ethelontis, Alexandros N"]
[Black "Robertson, J Stuart"]
[Result "1/2-1/2"]
[WhiteElo "2185"]
[BlackElo "2165"]
[PlyCount "87"]
[EventDate "2019.05.04"]
[WhiteTeam "Barnet Knights 1"]
[BlackTeam "Cambridge University 1"]

1. c4 e5 2. g3 Nf6 3. Bg2 c6 4. d4 e4 5. Nc3 d5 6. Bg5 Nbd7 7. f3 Bb4 8. cxd5
cxd5 9. fxe4 dxe4 10. Qb3 Bxc3+ 11. bxc3 O-O 12. Nh3 h6 13. Bxf6 Nxf6 14. O-O
Ng4 15. Nf4 Ne3 16. Rf2 g5 17. Ng6 Be6 18. Qxe6 fxe6 19. Rxf8+ Qxf8 20. Nxf8
Rxf8 21. Bxe4 b6 22. Rc1 e5 23. h3 h5 24. dxe5 h4 25. g4 Kg7 26. Bf3 Rd8 27.
Kf2 Nd1+ 28. Ke1 Ne3 29. Rb1 Kf7 30. Rb5 Ke6 31. Be4 Rf8 32. a4 Rf1+ 33. Kd2
Nc4+ 34. Kd3 Nxe5+ 35. Kc2 Rf2 36. Kd2 Rh2 37. Bd5+ Kd7 38. Bb3 Nf3+ 39. Ke3
Ng1 40. Rd5+ Kc6 41. Rxg5 Rxe2+ 42. Kd3 Rh2 43. Rg6+ Kc5 44. Rg5+ 1/2-1/2

[Event "4NCL Division 2c"]
[Site "Telford, ENG"]
[Date "2019.05.04"]
[Round "9.45"]
[White "Siddharth, Jagadeesh"]
[Black "Eden, Tomer"]
[Result "1-0"]
[WhiteElo "2132"]
[BlackElo "2140"]
[PlyCount "87"]
[EventDate "2019.05.04"]
[WhiteTeam "Cambridge University 1"]
[BlackTeam "Barnet Knights 1"]

1. d4 c6 2. c4 d6 3. Nf3 Nd7 4. g3 e5 5. Nc3 Ngf6 6. e4 Be7 7. Bg2 O-O 8. O-O
Re8 9. h3 a6 10. d5 cxd5 11. exd5 b5 12. b3 bxc4 13. bxc4 Qc7 14. Qe2 Rb8 15.
Be3 Nc5 16. Qc2 g6 17. Rfd1 Rb4 18. Qe2 Bf5 19. g4 Bd3 20. Rxd3 Nxd3 21. g5
Qxc4 22. gxf6 Qxc3 23. Rd1 Bxf6 24. Rxd3 Rb1+ 25. Kh2 Qb4 26. Nd2 Rb2 27. Rb3
Rxb3 28. axb3 a5 29. Qc4 Rb8 30. Qc6 Be7 31. Qc7 Rb7 32. Qc8+ Kg7 33. Nc4 Rb8
34. Qd7 Rb7 35. Qc6 Rb8 36. Ba7 Bg5 37. Be3 Be7 38. Qd7 Rb7 39. Qe8 Qb5 40. Qc8
Rb8 41. Qc7 Rb7 42. Nxd6 Rxc7 43. Nxb5 Rd7 44. f4 1-0

[Event "4NCL Division 2c"]
[Site "Telford, ENG"]
[Date "2019.05.04"]
[Round "9.46"]
[White "Willmoth, Robert F"]
[Black "Lee, Richard W Y"]
[Result "1-0"]
[WhiteElo "2192"]
[BlackElo "2130"]
[PlyCount "111"]
[EventDate "2019.05.04"]
[WhiteTeam "Barnet Knights 1"]
[BlackTeam "Cambridge University 1"]

1. d4 d5 2. c4 e6 3. g3 Nf6 4. Bg2 Be7 5. Nf3 O-O 6. O-O c6 7. b3 Nbd7 8. Bb2
b6 9. Qc2 Bb7 10. Nc3 Rc8 11. Rfd1 Qc7 12. e4 Nxe4 13. Nxe4 dxe4 14. Qxe4 c5
15. d5 Bf6 16. Qc2 exd5 17. cxd5 Rcd8 18. Nd4 Rfe8 19. f4 Bxd4+ 20. Bxd4 Qd6
21. Bb2 f6 22. Rd2 Re7 23. Re2 Rde8 24. Re6 Qb8 25. Rae1 Qd8 26. Qe2 Rxe6 27.
dxe6 Bxg2 28. Qxg2 Nb8 29. f5 Qd6 30. Qb7 Qe7 31. Qf3 Rd8 32. Bc1 Na6 33. a3
Kf8 34. Rd1 Nc7 35. a4 a6 36. Bf4 b5 37. Kg2 bxa4 38. bxa4 Ne8 39. g4 Nc7 40.
Rxd8+ Qxd8 41. Qc6 Qd5+ 42. Qxd5 Nxd5 43. Bd6+ Ke8 44. Bxc5 g6 45. Kf3 Kd8 46.
Ke4 Nc3+ 47. Kd3 Nd5 48. Bd6 Ke8 49. Kd4 Nb6 50. a5 Nc8 51. Bc5 gxf5 52. gxf5
Kd8 53. Kd5 Kc7 54. e7 Kd7 55. e8=Q+ Kxe8 56. Ke6 1-0

[Event "4NCL Division 2c"]
[Site "Telford, ENG"]
[Date "2019.05.04"]
[Round "9.47"]
[White "Starley, Robert"]
[Black "Covey, Jason"]
[Result "1-0"]
[WhiteElo "2045"]
[BlackElo "2125"]
[PlyCount "145"]
[EventDate "2019.05.04"]
[WhiteTeam "Cambridge University 1"]
[BlackTeam "Barnet Knights 1"]

1. e4 e6 2. d4 d5 3. Nd2 Nf6 4. e5 Nfd7 5. Bd3 c5 6. c3 Nc6 7. Ne2 cxd4 8. cxd4
f6 9. exf6 Nxf6 10. Nf3 Bd6 11. O-O Qc7 12. Bg5 O-O 13. Rc1 Bd7 14. Nc3 a6 15.
Be3 Rac8 16. h3 Be8 17. Qd2 Bh5 18. Be2 Bb4 19. Ng5 Qe7 20. Bxh5 Nxh5 21. a3
Bd6 22. Qd3 Nf6 23. Rfe1 h6 24. Nf3 Na5 25. Bd2 Nc4 26. Nxd5 Nxd5 27. Rxc4 Rcd8
28. Qe4 Rf6 29. Ne5 Bxe5 30. Qxe5 Qf7 31. Be3 Rf5 32. Qe4 Nxe3 33. Qxe3 e5 34.
Rb4 a5 35. Ra4 b5 36. Rxa5 exd4 37. Qd2 d3 38. a4 Rc5 39. Rxb5 Rc2 40. Qe3 d2
41. Rd1 Qc7 42. Rd5 Rxb2 43. Rxd8+ Qxd8 44. Qc3 Qb8 45. a5 Kh8 46. a6 Ra2 47.
Rxd2 Rxa6 48. Rd7 Rg6 49. Qd3 Qb6 50. Qe4 Rf6 51. Qe3 Qb1+ 52. Kh2 Qf5 53. Rd2
Rf8 54. g3 Qf7 55. Rb2 Qf6 56. Re2 Qf7 57. h4 Qf6 58. Qe4 Qb6 59. Kg2 Qf6 60.
Qd5 Kh7 61. Qd3+ Kh8 62. Qe3 Qc6+ 63. Kh2 Qf6 64. Kg1 Rd8 65. Re1 Rf8 66. Rc1
Qf7 67. Qd4 Kh7 68. Ra1 Re8 69. Ra7 Qg8 70. Rd7 Re1+ 71. Kg2 Qa8+ 72. Qd5 Qa1
73. Qf5+ 1-0

[Event "4NCL Division 2c"]
[Site "Telford, ENG"]
[Date "2019.05.04"]
[Round "9.48"]
[White "Iyengar, Ilya"]
[Black "Chan, Nevil"]
[Result "1/2-1/2"]
[WhiteElo "1970"]
[BlackElo "2026"]
[PlyCount "83"]
[EventDate "2019.05.04"]
[WhiteTeam "Barnet Knights 1"]
[BlackTeam "Cambridge University 1"]

1. d4 b6 2. Nf3 Bb7 3. g3 e6 4. Bg2 Nf6 5. O-O Be7 6. c4 O-O 7. Nc3 Ne4 8. Qd3
Nxc3 9. Qxc3 Be4 10. Rd1 d6 11. Bf4 Nd7 12. Rac1 f5 13. Qe3 h6 14. h4 Rf7 15.
c5 Nf6 16. cxd6 cxd6 17. Qb3 Qd7 18. Bh3 Bd5 19. Qc2 Rff8 20. Qc7 Rac8 21. Qxd7
Nxd7 22. b3 Bxf3 23. exf3 Nf6 24. Rxc8 Rxc8 25. Re1 Kf7 26. Rc1 Rxc1+ 27. Bxc1
h5 28. Bf1 Nd5 29. Bd2 Bf6 30. Be3 Nb4 31. a4 d5 32. Bb5 Nc2 33. Kf1 Bxd4 34.
Ke2 Nxe3 35. fxe3 Bc5 36. f4 Kf6 37. Kf3 g6 38. Be8 a5 39. Ke2 Bb4 40. Kf3 Be1
41. Kg2 Bc3 42. Kf3 1/2-1/2

[Event "4NCL Division 2d"]
[Site "Telford, ENG"]
[Date "2019.05.05"]
[Round "10.51"]
[White "Milliet, Sophie"]
[Black "Baker, Chris W"]
[Result "1-0"]
[WhiteElo "2394"]
[BlackElo "2267"]
[PlyCount "57"]
[EventDate "2019.05.05"]
[WhiteTeam "Guildford 3"]
[BlackTeam "The ADs"]

1. e4 e5 2. Nf3 Nc6 3. Bc4 Bc5 4. d3 Nf6 5. O-O d6 6. c3 O-O 7. a4 a6 8. Nbd2
Qe7 9. h3 Be6 10. Re1 Nh5 11. d4 Bxc4 12. Nxc4 exd4 13. cxd4 Bb4 14. Bg5 Qe8
15. Nfd2 g6 16. e5 Nxd4 17. exd6 Qc6 18. Rc1 Rfe8 19. Re3 cxd6 20. Nb3 Nxb3 21.
Rxe8+ Rxe8 22. Qxb3 Bc5 23. Ne3 Qe4 24. Ng4 Re6 25. Qc3 f6 26. Be3 Bxe3 27.
fxe3 Ng3 28. Qc8+ Kf7 29. Kh2 {Lost on time} 1-0

[Event "4NCL Division 2d"]
[Site "Telford, ENG"]
[Date "2019.05.05"]
[Round "10.52"]
[White "Richardson, John R"]
[Black "Kilpatrick, Callum"]
[Result "0-1"]
[WhiteElo "2320"]
[BlackElo "2346"]
[PlyCount "178"]
[EventDate "2019.05.05"]
[WhiteTeam "The ADs"]
[BlackTeam "Guildford 3"]

1. c4 Nf6 2. g3 g6 3. Bg2 Bg7 4. d4 O-O 5. Nc3 d6 6. Nf3 Nbd7 7. O-O e5 8. e4
exd4 9. Nxd4 Re8 10. Re1 Nc5 11. h3 a5 12. Qc2 c6 13. Be3 a4 14. Rad1 Nfd7 15.
f4 Qa5 16. Bf2 Nf8 17. a3 Nfe6 18. Nf3 Nb3 19. Rxd6 Nec5 20. Bf1 Be6 21. f5 Qc7
22. Rdd1 Bc8 23. Kg2 b6 24. g4 Bb7 25. Bg3 Qc8 26. e5 Ra5 27. e6 fxe6 28. fxg6
h6 29. Ne5 Rd8 30. Rxd8+ Qxd8 31. Rd1 Qf6 32. Kh2 Ra8 33. Bg2 Rd8 34. Rxd8+
Qxd8 35. Qf2 Qf6 36. Nxc6 Qxf2 37. Bxf2 Ba6 38. Bf1 Nd2 39. Be2 Bxc4 40. Bxc4
Nxc4 41. Bxc5 Bxc3 42. bxc3 bxc5 43. Nd8 Nxa3 44. Nxe6 Nb1 45. Nxc5 a3 46. Nb3
Nxc3 47. h4 Kg7 48. h5 Kf6 49. Kg2 Ne4 50. Kf3 Ng5+ 51. Kg3 a2 52. Na1 Ne6 53.
Kh4 Nd4 54. Kg3 Nc6 55. Kf4 Nd4 56. Kg3 Ne6 57. Kh4 Ke5 58. Kg3 Ng7 59. g5 hxg5
60. h6 Nf5+ 61. Kg4 Nxh6+ 62. Kxg5 Ng8 63. g7 Ke6 64. Kg6 Ne7+ 65. Kh7 Kf6 66.
Kh6 Nf5+ 67. Kh5 Nxg7+ 68. Kg4 Ke5 69. Kf3 Kd4 70. Ke2 Kc3 71. Kd1 Kb2 72. Nc2
Nf5 73. Kd2 Nd4 74. Nxd4 a1=Q 75. Kd3 Qd1+ 76. Kc4 Qd2 77. Nb5 Qe2+ 78. Kb4
Qe4+ 79. Kc5 Kb3 80. Nd4+ Kc3 81. Nb5+ Kd3 82. Kb6 Qe6+ 83. Kc5 Qe5+ 84. Kb4
Qe7+ 85. Kb3 Qc5 86. Ka4 Qc6 87. Kb4 Qb6 88. Ka4 Kc4 89. Na3+ Kd4 0-1

[Event "4NCL Division 2d"]
[Site "Telford, ENG"]
[Date "2019.05.05"]
[Round "10.53"]
[White "Povah, Nigel E"]
[Black "Wheeler, Darren P"]
[Result "0-1"]
[WhiteElo "2319"]
[BlackElo "2260"]
[PlyCount "66"]
[EventDate "2019.05.05"]
[WhiteTeam "Guildford 3"]
[BlackTeam "The ADs"]

1. d4 e6 2. Bf4 d5 3. e3 Nf6 4. Nd2 c5 5. c3 Nc6 6. Ngf3 Bd6 7. Bg3 Bxg3 8.
hxg3 Qd6 9. Bb5 Bd7 10. Bxc6 Bxc6 11. Ne5 h6 12. Qf3 Rf8 13. Rxh6 gxh6 14. Qxf6
Qe7 15. Qxh6 O-O-O 16. Qh4 Qxh4 17. gxh4 cxd4 18. Nxc6 bxc6 19. cxd4 Kc7 20.
Rc1 Rb8 21. Rc2 f6 22. f3 Kd6 23. Kf2 e5 24. g4 exd4 25. exd4 f5 26. Kg3 Rbe8
27. Rc3 Re2 28. Rd3 f4+ 29. Kh3 Rfe8 30. Nf1 Rxb2 31. g5 Re1 32. Rd2 Rxd2 33.
Nxd2 Rg1 0-1

[Event "4NCL Division 2d"]
[Site "Telford, ENG"]
[Date "2019.05.05"]
[Round "10.54"]
[White "Snape, Ian L"]
[Black "Golding, Alex"]
[Result "1/2-1/2"]
[WhiteElo "2170"]
[BlackElo "2222"]
[PlyCount "32"]
[EventDate "2019.05.05"]
[WhiteTeam "The ADs"]
[BlackTeam "Guildford 3"]

1. d4 Nf6 2. c4 e6 3. Nf3 Bb4+ 4. Bd2 c5 5. Bxb4 cxb4 6. g3 b6 7. Bg2 Bb7 8.
Nbd2 O-O 9. O-O d6 10. Re1 Qe7 11. Qb3 a5 12. e4 e5 13. a3 Na6 14. h3 Rfe8 15.
Qe3 Nd7 16. Rac1 Rac8 1/2-1/2

[Event "4NCL Division 2d"]
[Site "Telford, ENG"]
[Date "2019.05.05"]
[Round "10.55"]
[White "Ciuksyte, Dagne"]
[Black "Duggan, John E"]
[Result "1/2-1/2"]
[WhiteElo "2299"]
[BlackElo "2222"]
[PlyCount "66"]
[EventDate "2019.05.05"]
[WhiteTeam "Guildford 3"]
[BlackTeam "The ADs"]

1. e4 e6 2. d4 d5 3. Nd2 a6 4. Bd3 c5 5. Ngf3 Nc6 6. dxc5 Bxc5 7. O-O Nf6 8. a3
Qc7 9. b4 dxe4 10. Nxe4 Nxe4 11. Bxe4 Bd6 12. Bb2 Ne5 13. Re1 Nxf3+ 14. Qxf3
O-O 15. Bxh7+ Kxh7 16. Qh5+ Kg8 17. Bxg7 f5 18. Qh8+ Kf7 19. Bxf8 Bxf8 20. Rad1
Bg7 21. Qh5+ Kf8 22. h4 Bf6 23. Re3 Qf7 24. Qh6+ Qg7 25. Qf4 e5 26. Qc4 f4 27.
Red3 Bf5 28. Rd6 Bxh4 29. Qd5 Re8 30. Rb6 Bc8 31. Re1 Bd8 32. Qc5+ Qe7 33. Rd6
Kg7 1/2-1/2

[Event "4NCL Division 2d"]
[Site "Telford, ENG"]
[Date "2019.05.05"]
[Round "10.56"]
[White "Ahluwalia, Amardip"]
[Black "Punnett, Alan K"]
[Result "1/2-1/2"]
[WhiteElo "2132"]
[BlackElo "1996"]
[PlyCount "108"]
[EventDate "2019.05.05"]
[WhiteTeam "The ADs"]
[BlackTeam "Guildford 3"]

1. c4 e5 2. g3 Nf6 3. Bg2 d5 4. cxd5 Nxd5 5. Nc3 Nb6 6. Nf3 Nc6 7. O-O Be7 8.
Rb1 a5 9. d3 O-O 10. Be3 Ra6 11. a3 Re8 12. Na4 Nxa4 13. Qxa4 Bf6 14. Rfc1 Nd4
15. Bxd4 exd4 16. Rxc7 Rxe2 17. Rbc1 Ra8 18. b4 Bf5 19. Qb5 g6 20. bxa5 Qe8 21.
Qxb7 Rb8 22. Qa6 Rxf2 23. Qxf6 Rxg2+ 24. Kh1 Re2 25. Qxd4 Rd8 26. Qa1 Rxd3 27.
R7c3 Rxf3 28. Rxf3 Qe4 29. Rcf1 Bh3 30. Qf6 Bg2+ 31. Kg1 Bxf3 32. Qxf3 Qxf3 33.
Rxf3 Re5 34. Rf2 Rxa5 35. Ra2 f5 36. Kf2 Kf7 37. Ke3 Ke6 38. Kd4 g5 39. a4 h5
40. h4 gxh4 41. gxh4 Kf6 42. Ra1 Ke6 43. Kc4 f4 44. Kb4 Ra8 45. Kc5 Kf5 46. a5
Kg4 47. Kd5 Kxh4 48. Rg1 Rxa5+ 49. Ke4 Kh3 50. Kxf4 Kh2 51. Rb1 Ra4+ 52. Kg5 h4
53. Rb2+ Kg3 54. Rb3+ Kg2 1/2-1/2

[Event "4NCL Division 2d"]
[Site "Telford, ENG"]
[Date "2019.05.05"]
[Round "10.57"]
[White "Shepley, Julien M"]
[Black "Bellin, Jana M"]
[Result "1/2-1/2"]
[WhiteElo "1947"]
[BlackElo "2020"]
[PlyCount "37"]
[EventDate "2019.05.05"]
[WhiteTeam "Guildford 3"]
[BlackTeam "The ADs"]

1. e4 c5 2. Nf3 e6 3. d4 cxd4 4. Nxd4 a6 5. Bd3 Nf6 6. O-O Bc5 7. Nb3 Be7 8. c4
d6 9. Nc3 Nbd7 10. Be3 Qc7 11. f4 b6 12. Rc1 Bb7 13. Qf3 O-O 14. a4 Nc5 15. f5
Ne8 16. Qh5 g6 17. Qh3 Qd8 18. Nd4 e5 19. Nf3 {Score unclear} 1/2-1/2

[Event "4NCL Division 2d"]
[Site "Telford, ENG"]
[Date "2019.05.05"]
[Round "10.58"]
[White "Hylands, Liam M"]
[Black "Stimpson, Philip M"]
[Result "0-1"]
[WhiteElo "2080"]
[BlackElo "1933"]
[PlyCount "108"]
[EventDate "2019.05.05"]
[WhiteTeam "The ADs"]
[BlackTeam "Guildford 3"]

1. e4 e5 2. Nf3 Nc6 3. d4 exd4 4. Nxd4 Nf6 5. Nxc6 bxc6 6. e5 Qe7 7. Qe2 Nd5 8.
c4 Nb6 9. Nc3 g6 10. Bd2 Bg7 11. O-O-O O-O 12. Re1 Ba6 13. b3 Rfe8 14. Kc2 Qxe5
15. Qxe5 Bxe5 16. Be2 d5 17. Bf3 Bb7 18. cxd5 cxd5 19. Rd1 Rad8 20. a4 c6 21.
Bc1 Bc8 22. g4 Kg7 23. h3 Nd7 24. Be3 a5 25. Ne2 Ba6 26. Nd4 Rc8 27. Bg2 c5 28.
Nf3 d4 29. Nxe5 Nxe5 30. Bd2 c4 31. Bxa5 cxb3+ 32. Kxb3 Rb8+ 33. Bb4 Nd3 34.
Rxd3 Bxd3 35. Rd1 Bc2+ 36. Kxc2 Rxb4 37. Ra1 Rc8+ 38. Kd2 Rcc4 39. Bf1 Rxa4 40.
Bxc4 Rxa1 41. Kd3 Ra3+ 42. Kxd4 Rxh3 43. Ke5 h5 44. gxh5 gxh5 45. Bf1 Ra3 46.
Kf4 Kg6 47. Bg2 Ra4+ 48. Kg3 Kg5 49. Bd5 f5 50. f3 h4+ 51. Kh3 Kf4 52. Bc6 Ra3
53. Kg2 Ra2+ 54. Kh1 Rf2 0-1

[Event "4NCL Division 2d"]
[Site "Telford, ENG"]
[Date "2019.05.05"]
[Round "10.61"]
[White "Holland, James P"]
[Black "Pitcher, John"]
[Result "1-0"]
[WhiteElo "2270"]
[BlackElo "2261"]
[PlyCount "91"]
[EventDate "2019.05.05"]
[WhiteTeam "Grantham Sharks 2"]
[BlackTeam "Warwickshire Select 1"]

1. e4 c5 2. Nf3 e6 3. g3 Nc6 4. Bg2 Nf6 5. Qe2 d6 6. O-O Be7 7. e5 Nd5 8. d3
dxe5 9. Nxe5 Nxe5 10. Qxe5 O-O 11. a3 Bd6 12. Qe2 Qc7 13. c4 Ne7 14. Nc3 Bd7
15. Ne4 Nc6 16. Be3 b6 17. b4 Be5 18. Rab1 cxb4 19. axb4 Rad8 20. b5 Nd4 21.
Bxd4 Bxd4 22. Ng5 Bf6 23. Nf3 Bc8 24. Ne1 Bb7 25. Bxb7 Qxb7 26. Nc2 Rd7 27. Nb4
Bc3 28. Nc6 a5 29. Rfc1 Bd4 30. Qf3 e5 31. Nxd4 exd4 32. Qxb7 Rxb7 33. c5 bxc5
34. Rxc5 Rfb8 35. Kg2 Kf8 36. Kf3 Rd8 37. Ra1 Rb6 38. Rxa5 Rd7 39. Ra6 Rb8 40.
Ke4 Re8+ 41. Re5 Red8 42. Rc6 f6 43. Rec5 Re8+ 44. Kf3 Ree7 45. b6 Rb7 46. Rd5
1-0

[Event "4NCL Division 2d"]
[Site "Telford, ENG"]
[Date "2019.05.05"]
[Round "10.62"]
[White "Holt, Philip J"]
[Black "Birtwistle, Nigel"]
[Result "1-0"]
[WhiteElo "2218"]
[BlackElo "2144"]
[PlyCount "89"]
[EventDate "2019.05.05"]
[WhiteTeam "Warwickshire Select 1"]
[BlackTeam "Grantham Sharks 2"]

1. e4 c5 2. Nf3 g6 3. d3 Bg7 4. g3 Nc6 5. Bg2 d6 6. O-O e5 7. c3 Nge7 8. a3 b5
9. b4 a5 10. bxc5 dxc5 11. Be3 Qd6 12. Qb3 Rb8 13. a4 Be6 14. Qc2 b4 15. Ng5 b3
16. Qb2 Bd7 17. Na3 Nd8 18. Nc4 Qxd3 19. Rfd1 Qc2 20. Nd6+ Kf8 21. Qxc2 bxc2
22. Rdc1 Bh6 23. Rxc2 Kg7 24. Ndxf7 Nxf7 25. Nxf7 Bxe3 26. Nxe5 Bxf2+ 27. Rxf2
Be6 28. Raf1 Rhe8 29. Rf6 Nf5 30. Ng4 Nd6 31. Ne3 Nf5 32. exf5 Kxf6 33. fxe6+
Kxe6 34. Nd5 Rf8 35. Nf4+ Kf6 36. Bh3 Rfe8 37. Ne6+ Ke5 38. Nxc5 Kd6 39. Nd3
Rb3 40. Rf6+ Kd5 41. Be6+ Rxe6 42. Rxe6 Ra3 43. Nf4+ Kc5 44. Re5+ Kb6 45. Re4
1-0

[Event "4NCL Division 2d"]
[Site "Telford, ENG"]
[Date "2019.05.05"]
[Round "10.63"]
[White "Makkar, Rajat"]
[Black "Hanley, James L"]
[Result "1/2-1/2"]
[WhiteElo "2147"]
[BlackElo "2176"]
[PlyCount "138"]
[EventDate "2019.05.05"]
[WhiteTeam "Grantham Sharks 2"]
[BlackTeam "Warwickshire Select 1"]

1. d4 Nf6 2. c4 e6 3. g3 d5 4. Nf3 Bb4+ 5. Bd2 Be7 6. Bg2 Ne4 7. O-O Nxd2 8.
Nbxd2 O-O 9. e4 dxc4 10. Nxc4 Nd7 11. Rc1 Nf6 12. Nfe5 a5 13. a4 Ra6 14. Qd2
Bb4 15. Qd3 Qe7 16. Rfd1 Rd8 17. Qc2 h6 18. Ne3 Ne8 19. f4 Bd6 20. N5c4 Bb4 21.
Ne5 Bd6 22. N5c4 Bb4 23. e5 c6 24. Bf1 b5 25. axb5 cxb5 26. Nd2 Rb6 27. Ne4 Bb7
28. Bg2 Ba8 29. f5 exf5 30. Nxf5 Qa7 31. Nc5 Rbb8 32. Bxa8 Rxa8 33. Qe4 Rac8
34. Nd3 Bf8 35. Rxc8 Rxc8 36. Nxh6+ gxh6 37. Qg4+ Ng7 38. Qxc8 Qxd4+ 39. Nf2
Qxe5 40. Qc3 Qxc3 41. bxc3 Ne6 42. Rd5 Nc5 43. Nd3 Nxd3 44. Rxd3 b4 45. cxb4
axb4 46. Rd5 Bg7 47. Rb5 Bc3 48. Kg2 Kg7 49. Rb6 Bd2 50. Kf3 Be1 51. Kf4 Bd2+
52. Kf5 Bc3 53. g4 Be1 54. Rb7 Bd2 55. h4 Be1 56. g5 hxg5 57. hxg5 Kf8 58. Kg4
Bc3 59. Kh5 Ke8 60. Kh6 Bd2 61. Kh5 Bc3 62. Rc7 Be5 63. Rc4 Bc3 64. Kh6 Bd2 65.
Rd4 Bc3 66. Rd3 Ke7 67. Re3+ Kd6 68. Rf3 Ke6 69. Re3+ Be5 1/2-1/2

[Event "4NCL Division 2d"]
[Site "Telford, ENG"]
[Date "2019.05.05"]
[Round "10.64"]
[White "Shephard, Chris C W"]
[Black "Munshi, Aditya"]
[Result "1-0"]
[WhiteElo "2190"]
[BlackElo "2113"]
[PlyCount "93"]
[EventDate "2019.05.05"]
[WhiteTeam "Warwickshire Select 1"]
[BlackTeam "Grantham Sharks 2"]

1. c4 e5 2. g3 c6 3. Nf3 e4 4. Nd4 d5 5. cxd5 Qxd5 6. e3 Nf6 7. Nc3 Qe5 8. d3
exd3 9. Qxd3 Bc5 10. Bg2 O-O 11. O-O Rd8 12. Nce2 Bb6 13. Qc2 Na6 14. Bd2 c5
15. Nf3 Qe7 16. Rad1 Ne4 17. Bc3 Nxc3 18. Rxd8+ Qxd8 19. Nxc3 Nb4 20. Qe4 Be6
21. Rd1 Qe7 22. Bh3 Re8 23. Bxe6 Qxe6 24. Qxe6 Rxe6 25. Rd7 Rf6 26. Kg2 h6 27.
a3 Nc6 28. Rxb7 Na5 29. Rb8+ Kh7 30. Nd5 Rd6 31. Nxb6 axb6 32. Ne5 f6 33. Rh8+
Kxh8 34. Nf7+ Kg8 35. Nxd6 Kf8 36. Kf3 Nc6 37. Ke4 Ne5 38. h3 g6 39. f4 Nd7 40.
Kd5 Ke7 41. Nc8+ Kd8 42. Na7 Kc7 43. Nb5+ Kd8 44. Ke6 Ke8 45. e4 h5 46. h4 Kd8
47. Kf7 1-0

[Event "4NCL Division 2d"]
[Site "Telford, ENG"]
[Date "2019.05.05"]
[Round "10.65"]
[White "Bremner, Adam"]
[Black "Brooks, Phil J"]
[Result "1/2-1/2"]
[WhiteElo "2184"]
[BlackElo "2187"]
[PlyCount "88"]
[EventDate "2019.05.05"]
[WhiteTeam "Grantham Sharks 2"]
[BlackTeam "Warwickshire Select 1"]

1. d4 e6 2. c4 d5 3. Nf3 Nf6 4. Bg5 Be7 5. e3 h6 6. Bxf6 Bxf6 7. Nc3 O-O 8. Rc1
c6 9. h4 Nd7 10. g4 Be7 11. cxd5 exd5 12. Bd3 g6 13. g5 h5 14. Qc2 Kg7 15. Nh2
Re8 16. f4 Nf8 17. O-O f5 18. Nf3 Be6 19. Na4 Nd7 20. a3 a5 21. Rb1 Bd6 22. b4
axb4 23. axb4 Qe7 24. Nc5 Reb8 25. Ra1 Nb6 26. Qc3 Kg8 27. Rxa8 Rxa8 28. Ra1
Bc8 29. Kf2 Rxa1 30. Qxa1 Nc4 31. Bxc4 dxc4 32. Qa8 Qc7 33. Ne5 Bxe5 34. fxe5
Kf7 35. Qa2 b5 36. Ke1 Qb8 37. Qa5 Ke7 38. Kd2 Be6 39. Qa6 Bd5 40. Kc3 Ke8 41.
Qa5 Ke7 42. Qa6 Ke8 43. Qa5 Ke7 44. Qa6 Ke8 1/2-1/2

[Event "4NCL Division 2d"]
[Site "Telford, ENG"]
[Date "2019.05.05"]
[Round "10.66"]
[White "Fallowfield, Jeremy R"]
[Black "Murphy, Hugh W"]
[Result "1/2-1/2"]
[WhiteElo "2134"]
[BlackElo "2102"]
[PlyCount "38"]
[EventDate "2019.05.05"]
[WhiteTeam "Warwickshire Select 1"]
[BlackTeam "Grantham Sharks 2"]

1. d4 Nf6 2. c4 e6 3. Nc3 d5 4. Nf3 Be7 5. Bf4 O-O 6. e3 Nbd7 7. a3 c5 8. cxd5
Nxd5 9. Nxd5 exd5 10. dxc5 Nxc5 11. Be5 Bg4 12. Be2 Bf6 13. Bxf6 Qxf6 14. Qd4
Qxd4 15. Nxd4 Bxe2 16. Kxe2 Rfc8 17. Rac1 Kf8 18. g4 g6 19. Rc2 Ne6 1/2-1/2

[Event "4NCL Division 2d"]
[Site "Telford, ENG"]
[Date "2019.05.05"]
[Round "10.67"]
[White "Milson, Samuel A"]
[Black "Mason, Donald J"]
[Result "1-0"]
[WhiteElo "2100"]
[BlackElo "2065"]
[PlyCount "77"]
[EventDate "2019.05.05"]
[WhiteTeam "Grantham Sharks 2"]
[BlackTeam "Warwickshire Select 1"]

1. e4 e6 2. d4 d5 3. Nc3 Nf6 4. e5 Nfd7 5. f4 c5 6. Nf3 Nc6 7. Ne2 Be7 8. c3 b6
9. Be3 Bb7 10. Ng3 Qc7 11. Bd3 c4 12. Bc2 g6 13. h4 h5 14. Ng5 Nf8 15. Qf3 Nd8
16. Ne2 f6 17. exf6 Bxf6 18. g4 Nf7 19. gxh5 gxh5 20. Ng3 O-O-O 21. Nxh5 Qe7
22. Qg4 Nh6 23. Qh3 Nf5 24. Bxf5 exf5 25. Nxf6 Qxf6 26. O-O-O b5 27. Rde1 Re8
28. Bd2 Nd7 29. h5 b4 30. cxb4 Rxe1+ 31. Rxe1 Qxd4 32. Qxf5 Rf8 33. Qg4 Qf2 34.
Ne6 Re8 35. Qg6 Rh8 36. Qg7 Re8 37. Qf7 Rh8 38. Qe7 Qb6 39. Bc3 1-0

[Event "4NCL Division 2d"]
[Site "Telford, ENG"]
[Date "2019.05.05"]
[Round "10.68"]
[White "Dicen, Imogen"]
[Black "Varnam, Liam D"]
[Result "1/2-1/2"]
[WhiteElo "1832"]
[BlackElo "2111"]
[PlyCount "69"]
[EventDate "2019.05.05"]
[WhiteTeam "Warwickshire Select 1"]
[BlackTeam "Grantham Sharks 2"]

1. d4 d5 2. Nf3 Nf6 3. g3 c5 4. c3 e6 5. Bg2 Nc6 6. O-O Bd6 7. Re1 O-O 8. Bg5
h6 9. Bxf6 Qxf6 10. e3 cxd4 11. exd4 b6 12. Nbd2 Bb7 13. Qe2 Rfd8 14. Rad1 Rac8
15. Nf1 a6 16. Ne3 b5 17. a3 Na5 18. Ng4 Qe7 19. Nge5 Nc4 20. Nxc4 bxc4 21. Bh3
Bc6 22. Rd2 Rb8 23. Ne5 Bxe5 24. Qxe5 Qd6 25. f4 Qxe5 26. Rxe5 Rb6 27. Kf2 Rdb8
28. Ree2 Ba4 29. Bg4 Bb3 30. Kg2 f5 31. Bf3 Kf7 32. h3 Ba2 33. Kh2 Bb1 34. Rf2
Ke7 35. Bd1 1/2-1/2

[Event "4NCL Division 2d"]
[Site "Telford, ENG"]
[Date "2019.05.05"]
[Round "10.71"]
[White "Bullen, Alex"]
[Black "Alienkin, Aleksander"]
[Result "0-1"]
[WhiteElo "2100"]
[BlackElo "2372"]
[PlyCount "70"]
[EventDate "2019.05.05"]
[WhiteTeam "West is Best 2"]
[BlackTeam "Manchester Manticores 1"]

1. d4 Nf6 2. Nf3 c5 3. e3 g6 4. Be2 Bg7 5. O-O b6 6. c4 O-O 7. Nc3 cxd4 8. exd4
Bb7 9. Re1 d5 10. Ne5 Nbd7 11. Bf4 dxc4 12. Bxc4 e6 13. Nxf7 Rxf7 14. Bxe6 Nf8
15. Bxf7+ Kxf7 16. Qb3+ Bd5 17. Nxd5 Qxd5 18. Rac1 Qxb3 19. Rc7+ Kg8 20. axb3
Nd5 21. Rxg7+ Kxg7 22. Be5+ Kf7 23. Rc1 Ne7 24. f4 Rc8 25. Rxc8 Nxc8 26. Kf2
Ke6 27. g4 Nd7 28. Bc7 Nf6 29. Kf3 Ne7 30. Be5 Ned5 31. h4 h5 32. gxh5 gxh5 33.
Bb8 a6 34. Be5 Kf5 35. Bd6 Ne4 0-1

[Event "4NCL Division 2d"]
[Site "Telford, ENG"]
[Date "2019.05.05"]
[Round "10.72"]
[White "Polaczek, Richard"]
[Black "Edgell, Ben P"]
[Result "1-0"]
[WhiteElo "2375"]
[BlackElo "2143"]
[PlyCount "99"]
[EventDate "2019.05.05"]
[WhiteTeam "Manchester Manticores 1"]
[BlackTeam "West is Best 2"]

1. d4 Nf6 2. Nf3 e6 3. g3 b6 4. Bg2 Bb7 5. c4 Bb4+ 6. Bd2 Bxd2+ 7. Qxd2 O-O 8.
O-O d6 9. Nc3 Ne4 10. Nxe4 Bxe4 11. Qf4 Bb7 12. c5 Na6 13. cxd6 cxd6 14. a3 Qd7
15. e4 Rac8 16. d5 exd5 17. Nd4 Nc7 18. Nf5 dxe4 19. Rad1 Ne6 20. Qh4 Rc7 21.
Rxd6 Qb5 22. Ne7+ Rxe7 23. Qxe7 Ba8 24. Qxa7 Qxb2 25. Rxb6 Qe5 26. Ra6 g6 27.
Ra5 Qc3 28. Rb5 Kg7 29. Qe3 Qc6 30. Rb6 Qd5 31. Qc3+ Kg8 32. Qb3 Qe5 33. Rb5
Qc7 34. Rb4 Ng5 35. Qc4 Qd7 36. h4 Nf3+ 37. Bxf3 exf3 38. Qg4 Qd3 39. a4 Rd8
40. Rc1 Kg7 41. Qf4 Qe2 42. h5 Bd5 43. h6+ Kf8 44. Rb8 Rxb8 45. Qxb8+ Ke7 46.
Qb4+ Kf6 47. Qd4+ Ke6 48. a5 g5 49. Rd1 Bc4 50. g4 1-0

[Event "4NCL Division 2d"]
[Site "Telford, ENG"]
[Date "2019.05.05"]
[Round "10.73"]
[White "Freeland, Alex"]
[Black "Hamer, Martyn"]
[Result "1/2-1/2"]
[WhiteElo "2046"]
[BlackElo "2132"]
[PlyCount "87"]
[EventDate "2019.05.05"]
[WhiteTeam "West is Best 2"]
[BlackTeam "Manchester Manticores 1"]

1. d4 Nf6 2. c4 g6 3. Nc3 Bg7 4. e4 d6 5. f3 O-O 6. Be3 Nc6 7. Nge2 a6 8. Qd2
Rb8 9. Nc1 e5 10. d5 Nd4 11. Nb3 Nxb3 12. axb3 Nd7 13. g4 Nc5 14. Qc2 Bh6 15.
Bxh6 Qh4+ 16. Kd1 Qxh6 17. b4 Nd7 18. h4 Qe3 19. Be2 Nf6 20. Qd2 Qxd2+ 21. Kxd2
c6 22. Ke3 cxd5 23. exd5 Bd7 24. Rhd1 Rfc8 25. g5 Ne8 26. Ne4 Bf5 27. Rac1 b6
28. Rc3 Bxe4 29. fxe4 a5 30. bxa5 bxa5 31. c5 Rxc5 32. Rxc5 dxc5 33. d6 Rd8 34.
d7 Nc7 35. Bg4 Kf8 36. Ra1 Ne6 37. Bxe6 fxe6 38. Rxa5 Rxd7 39. Rxc5 Rb7 40.
Rxe5 Rxb2 41. Rxe6 Rh2 42. Rf6+ Ke7 43. Rf4 Ke6 44. Kd4 1/2-1/2